Statistics for Tomb Raider Countries Visited Map

Click here to take the quiz!

General Stats

  • This quiz has been taken 2,322 times
  • The average score is 23 of 31

Answers on the Map

Answers color-coded by a green-red scale on the quiz's map according to % correct below.
 

Answer Stats

HintHintCountry% Correct
153129United States
99%
615.0140.9China
97%
151.0182.0Mexico
96%
57752Russia
96%
37786United Kingdom
96%
386105France
94%
556185.9India
94%
447.0171.3Egypt
92%
416.4124.2Italy
91%
693.3140.0Japan
89%
208292Peru
89%
460.3130.6Turkey
83%
430129Greece
81%
414.360.5Sweden
78%
236.0319.0Bolivia
77%
608.0207.9Thailand
76%
401.757Norway
74%
363.082.5Ireland
72%
436.7107.1Romania
61%
398.4103.5Switzerland
61%
209.0180.9Bahamas
58%
184.5210.7Honduras
57%
419.3172.9Libya
57%
569.8166.5Nepal
57%
616.0219.1Cambodia
55%
533.0100.0Kazakhstan
55%
467.0143.0Syria
55%
414.093.8Czech Republic
51%
180.9203.6Belize
50%
459.1282.5Tanzania
46%
378.2234.5Ghana
35%

Score Distribution

Percentile by Number Answered

Percent of People with Each Score

Your Score History

You have not taken this quiz